Logo firm produkujących słodycze głównie amerykańskie - Statystyki

Ogólne statystyki
  • Ten quiz został rozwiązany 31 razy
  • Średni wynik to 6 z 16
Statystyki odpowiedzi
Obrazkowy Odpowiedź % Poprawnych
Snickers
100%
Twix
95%
Kit Kat
84%
Skittles
68%
Reese's
63%
Toblerone
58%
Hershey's
42%
Cadbury
21%
Smarties
11%
Jelly Belly
5%
Nestle Crunch
5%
Whoppers
5%
Lemonheads
0%
Payday
0%
Tootsie Roll
0%
York
0%
Nie znaleziono quizów pasujących do podanych kryteriów
Rozkład punktacji
Procent ludzi z każdym wynikiem
Percentyl według liczby udzielonych odpowiedzi
Twoja historia wyników
Nie rozwiązałeś tego quizu